000 00909nam0a22002651 4500
001 rc\891922
005 20041129094058.5
035 _a(NLR Aleph) 006068352
090 _a4977971
_c4977971
100 _a20041129d1983 u |0rusy50 ca
101 0 _arus
102 _aRU
105 _ay |||||||||
200 1 _aИмитационные методы календарного планирования в строительстве
210 _aНовосибирск
_cИн-т математики
_d1983
215 _a49 с.
_d20
225 1 _aПрепринт
_fАН СССР, Сиб. отд-ние, Ин-т математики
_v№ 36
320 _aБиблиогр.: с. 46-48
700 1 _aКауров
_bВ. М.
701 1 _aПерминов
_bС. Б.
_gСергей Борисович
801 0 _aRU
_bNLR
_gpsbo
801 1 _aRU
_bELAR
_2rusmarc
852 _aNLR
_j84-4/25
942 _cBOOK
980 _aNB